Нервова сила: як зробити її могутньою. Ваше волосся та ваше здоров'я (Запис № 313027)

МАРК-запис
000 -Лідер
fixed length control field 00744nam a22002537a 4500
003 - Ідентифікатор контрольного номера
control field UA-OsUOA
001 - Контрольний номер
control field 26699
007 - Фіксоване поле фізичного опису
fixed length control field ta
008 - Елементи даних фіксованої довжини – загальна інформація
fixed length control field 20040608b un ||||| |||| 00| 0 ukr d
090 ## - Локальний шифр розміщення
Класифікаційний індекс УДК 611.8
Авторський знак (НП) Б87
040 ## - Джерело каталогізації
Агенція оригінальної каталогізації UA-OsUOA
Мова каталогізації ukr
Агенція, яка здійснювала перезапис UA-OsUOA
Агенція, яка здійснювала модифікацію UA-OsUOA
041 ## - Код мови
Код мови тексту/ звукової доріжки чи окремого заголовка (П) ukr
080 ## - Індекс Універсальної десяткової класифікації
Індекс Універсальної десяткової класифікації (УДК) (НП) 611.8
020 ## - Міжнародний стандартний книжковий номер (ISBN)
Міжнародний стандартний книжковий номер (ISBN) (НП) 5-7707-0318-0
044 ## - Код країни видавця/ виробника
Код країни видавця/ виробника (П) UA
100 ## - Основне введення – ім’я особи
Ім’я особи (НП) Брегг П. С.
245 ## - Відомості про назву
Назва (НП) Нервова сила: як зробити її могутньою. Ваше волосся та ваше здоров'я
260 ## - Публікація, розповсюдження і т.п. (Вихідні дані)
Місце публікації, розповсюдження і т.п. (П) К.
Ім’я/ наймення видавництва, розповсюджувача і т.п. (П) Боривітер
Дата публікації, розповсюдження і т.п. (П) 1995
300 ## - Фізичний опис
Обсяг 90 с.
650 #7 - Додаткове предметне введення – тематичний термін
Тематичний термін чи географічна назва, як елемент введення (НП) 611 Анатомія. Людська та порівняльна анатомія
Джерело заголовка чи терміна UDC
942 ## - Додаткові елементи входу (Коха)
Тип елемента Koha Книги
955 ## - Код типу видання за змістом
Код типу видання за змістом (НП) Навчальні видання
Фонди
Стан вилучень Стан втрат Джерело класифікації або схеми стелажів Стан уражень Не для кредиту Постійне місце розташування Поточне розміщення Дата придбання Інвентарний номер Усього замовленно Повний номер виклику Штрих-код Дата останнього перегляду Ціна ефективна від Тип елемента Koha Вартість, звичайна ціна покупки Дата останньої перевірки
    Universal Decimal Classification     АБ - Абонемент НБ АБ - Абонемент НБ 21/08/2006 14829   611.8 Б87 14829 24/12/2021 08/06/2004 Книги    
    Universal Decimal Classification     АБ - Абонемент НБ АБ - Абонемент НБ 29/08/2006 14853   611.8 Б87 14853 24/12/2021 08/06/2004 Книги    
    Universal Decimal Classification     АБ - Абонемент НБ АБ - Абонемент НБ 29/08/2006 14854   611.8 Б87 14854 24/12/2021 08/06/2004 Книги    
Withdrawn   Universal Decimal Classification     ЧЗ - Читальна зала ЧЗ - Читальна зала 08/06/2004 69368   611.8 Б87 69368 13/07/2019 08/06/2004 Книги 20.00  
    Universal Decimal Classification     ЧЗ - Читальна зала ЧЗ - Читальна зала 08/06/2004 69369   611.8 Б87 69369 07/02/2022 08/06/2004 Книги 14.00  
    Universal Decimal Classification     ЧЗ - Читальна зала ЧЗ - Читальна зала 08/06/2004 69370   611.8 Б87 69370 07/02/2022 08/06/2004 Книги 35.88  
    Universal Decimal Classification     ЧЗ - Читальна зала ЧЗ - Читальна зала 08/06/2004 69371   611.8 Б87 69371 07/02/2022 08/06/2004 Книги 35.88  
    Universal Decimal Classification     ЧЗ - Читальна зала ЧЗ - Читальна зала 08/06/2004 69372 2 611.8 Б87 69372 23/11/2023 08/06/2004 Книги 35.88 04/10/2023